| 000 | 00869 a2200217 4500 | ||
|---|---|---|---|
| 999 |
_c2802 _d2802 |
||
| 020 | _a9781473974838 (pbk. : alk. paper) | ||
| 020 | _a9781473974821 (hardback : alk. paper) | ||
| 050 | 0 | 0 | _aLB 1139.23 EAR 2018 |
| 100 |
_aPowell, Sacha _eEditor |
||
| 245 | 0 | 3 |
_aAn introduction to early childhood studies / _cEdited by Sacha Powell and Kate Smith |
| 250 | _a4th ed. | ||
| 264 | 1 |
_aLos Angeles: _bSAGE, _c2018 |
|
| 300 |
_axxii, 318p. : _bill. |
||
| 500 | _aIncludes bibliographical references (page 271-309) and index. | ||
| 504 | _aIncludes bibliographical references (page 271-309) and index. | ||
| 650 | 0 | _aEarly childhood education | |
| 650 | 0 | _aChild development | |
| 700 | 1 |
_aSmith, Kate _eEditor |
|
| 942 |
_2lcc _cBK _e4th ed. _h1139.23 _iEAR _kLB |
||